Livro

Educación y sociología /

Na minha lista:
Detalhes bibliográficos
Autor principal: Durkheim, Émile, 1858-1917
Formato: Livro
Idioma:espanhol
francês
Publicado em: Barcelona : Altaya, c1999.
coleção:Grandes obras del pensamiento contemporáneo (Altaya) 26
Assuntos:

MARC

LEADER 00000nam a2200000 a 4500
003 AR-BeUNQ
005 20251210082456.0
008 020816s1996 sp fr 000 0 spa d
999 |c 31942  |d 115742 
020 |a 8448712765 
040 |a AR-beUNQ  |b spa  |e aacr 
041 |a spa  |h fre 
082 0 4 |a 306.43  |2 21 
100 1 |a Durkheim, Émile,  |9 1639  |d 1858-1917 
245 1 0 |a Educación y sociología /  |c Emile Durkheim. 
260 |a Barcelona :  |b Altaya,  |c c1999. 
300 |a 188 p. ;  |c 21 cm. 
490 1 |a Grandes obras del pensamiento contemporáneo ;  |v 26 
500 |a Traducción de: Éducation et sociologie. 
594 |b DIPLOMATURA EN CIENCIAS SOCIALES  |c INTRODUCCION AL PENSAMIENTO SOCIAL  |d 2014 
650 7 |a Sociología de la educación  |2 spines 
650 7 |a Educación  |2 spines 
650 7 |a Pedagogía  |2 spines 
650 7 |a Sociología  |2 spines 
650 7 |a Enseñanza media  |2 spines 
651 7 |a Francia  |2 spines 
830 0 |9 1635  |a Grandes obras del pensamiento contemporáneo (Altaya)  |l Español  |v 26 
929 |a DONACION  |b Myrian Andrada  |d 300,00  |e 20180809  |f PAT0073705  |j 58464  |g 3449  |h 1 
942 |c LIB  |n 0